000 00603nam a22001937a 4500
005 20170721111200.0
010 _aENG-119368
020 _a9789350020067
_c395.00
035 _aEN-102900
037 _bDBAD/PUB
082 _a909
100 _aCameron, Kenneth Neill
245 _aHumanity and society ;
_ba world history /
_cby Kenneth Neill Cameron
260 _aDelhi
_bAakar Books
_c2009
270 _a28 E Pocket IV, Mayur Vihar Phase I
_bDelhi
_e110091
300 _ax,470p.
_c22cm. (pbk)
500 _aInclude bibliographic reference and index
942 _2ddc
_cEN
_h909
_mCAM
999 _c142751
_d142751